01268 2200229 4500001002100000005001500021035002000036008004100056020001800097041000800115082001000123084001600133100002800149245005900177250001100236260001900247300003600266520066000302650002400962990002600986990002601012INLIS00000000000111520221026034508 a0010-0520001115221026 | | ind  a979-421-762-X aind a332.7 a332.7 HER a0 aHerlina Suyati Bachtiar1 aAspek Legal Kredit Sindikat /cHerlina Suyati Bachtiar aCet.2. bAjay Farma,c- aVIII, 278 hlm. ; 21 cm ;c21 cm aSeperti penulis sampaikan dalam buku ini,"Sindikasi saat ini sering kali dilakukan oleh kalangan perbankan, baik antara bank swasta atau diantara bank pemerintah sendiri maupun antara bank-bank asing yang mempunyai perwakilan di Indonesia." Ditinjau dari sudut pandang selaku borrower, selaku lener, dan secara nasional, sindikasi banyak membawa keuntungan, karenanya sangat penting memahami istilah-istilah yang digunakan, proses kerja aspek legal sindikasi. Buku yang ditulis Herlina S., Bachtiar ini memahami harapan-harapan tersebut, latar belakang akademis dan pengalamannya di bidang hukum semakin memperkuat alasan bagi pentingnya membaca buku ini. 4a1. Kredit-Perbankan a03219/MKRI-P/III-2006 a03220/MKRI-P/III-2006